000 01763nam a2200241 4500
005 20250329165434.0
008 180709s2018 000 0 eng d
040 _aCO-CtgCURN
_bspa
_ccoctgcurn
082 0 _aENF 2018
_bR687
100 1 _aRodelo Olarte, Eliana Cristina.
245 1 0 _aPercepción del familiar con respecto al cuidado de enfermería en pacientes hospitalizados en una clínica de tercer nivel en Cartagena, Colombia. 2018 /
_cEliana Cristina Rodelo Olarte; Sofía Isabel de la Ossa Villamizar; Asesor Verónica Valdiris © vila.
260 _aCartagena de Indias :
_bCorporación Universitaria Rafael Núñez,
_c2018.
300 _a115 h.
504 _aTrabajo de grado (Enfermeria). Corporación Universitaria Rafael Nuñez. Facultad de la Salud. Enfermeria, 2018.
520 _aEl cuidado de enfermería es aquella atención especializada en salud a un paciente para su recuperación y preservación de la salud. Al evaluarlo desde la perspectiva del usuario/familiar se puede conocer si resulta adecuado. OBJETIVO: Analizar la percepción del familiar con respecto al cuidado de Enfermería en pacientes hospitalizados en una clínica de tercer nivel en Cartagena, Colombia durante 2018.
650 0 _aEnfermeria
_vTesis y disertaciones academicas.
700 1 _aOssa Villamizar, Sofía Isabel de la.
700 1 _aValdiris © vila, Verónica,
_eAsesora.
856 _uhttps://unicurn.sharepoint.com/:b:/s/biblioteca/EVeX9UV2SUhHohnbvJLVvhoBE6lkzGJYNp4s_n35T5ws_g?e=sivbx5
_zClick aqui para ver el recurso en texto completo
856 7 _zClick aqui para ver el recurso en texto completo
942 _2ddc
_cTG
_hENF 2018
_iR687
999 _c4009
_d4009